LEADER 02237nam 2200541Ia 450 001 9910461821603321 005 20200520144314.0 010 $a0-8264-3695-1 010 $a1-283-38032-3 010 $a9786613380326 010 $a1-4411-3842-0 035 $a(CKB)2670000000139787 035 $a(EBL)831533 035 $a(OCoLC)769344405 035 $a(MiAaPQ)EBC831533 035 $a(Au-PeEL)EBL831533 035 $a(CaPaEBR)ebr10523435 035 $a(CaONFJC)MIL338032 035 $a(EXLCZ)992670000000139787 100 $a20111229d2012 uy 0 101 0 $aeng 135 $aur|n|---||||| 200 00$aA to Z of critical thinking$b[electronic resource] /$fedited by Beth Black 210 $aLondon $cContinuum International Publishing$d2012 215 $a1 online resource (197 p.) 300 $aDescription based upon print version of record. 311 $a0-8264-2055-9 311 $a1-4411-1797-0 327 $aHalf-title; Cover; Title; Copyright; Dedication; Contents; Foreword; List of Entries 330 $aCritical thinking is becoming increasingly prominent as an academic discipline taught and examined in schools and universities, as well as a crucial skill for everyday life. To be a successful critical thinker it is vital to understand how the different concepts and terms are defined and used. The terminology often presents a stumbling block for the beginner, since much of it is used imprecisely in everyday language. This definitive A to Z guide provides precise definitions for over 130 terms and concepts used in critical thinking. Each entry presents a short definition followed by a more deta 606 $aCritical thinking 606 $aCreative thinking 606 $aThought and thinking$vProblems, exercises, etc 606 $aThought and thinking 608 $aElectronic books. 615 0$aCritical thinking. 615 0$aCreative thinking. 615 0$aThought and thinking 615 0$aThought and thinking. 676 $a153.42 701 $aBlack$b Beth$0931194 801 0$bMiAaPQ 801 1$bMiAaPQ 801 2$bMiAaPQ 906 $aBOOK 912 $a9910461821603321 996 $aA to Z of critical thinking$92094826 997 $aUNINA LEADER 00780nam0-22002651i-450 001 990008015670403321 005 20220330131438.0 035 $a000801567 100 $a20050302d1972----km-y0itay50------ba 101 0 $afre 102 $aFR 105 $aa-------001yy 200 1 $aAllemagne$fOrganisation de Coopération et de Développement Economiques 210 $aParis$cOCDE$d1972 215 $a92 p., 1 c. ripieg.$cill.$d1972 225 1 $aÉtudes économiques$fOCDE 610 0 $aGermania$aEconomia 712 02$aOrganizzazione per la cooperazione e lo sviluppo economico 801 0$aIT$bUNINA$gRICA$2UNIMARC 901 $aBK 912 $a990008015670403321 952 $aColl.009(014)B$bI.G. 9805$fILFGE 959 $aILFGE 996 $aAllemagne$9450117 997 $aUNINA LEADER 01328nam a2200385 i 4500 001 991000792539707536 005 20020507173643.0 008 950830s1981 ne ||| | eng 020 $a0444862900 035 $ab10757971-39ule_inst 035 $aLE01302397$9ExL 040 $aDip.to Matematica$beng 082 0 $a515.7 082 0 $a515.8 084 $aAMS 46A55 100 1 $aFuchssteiner, Benno$051447 245 10$aConvex cones /$cBenno Fuchssteiner and Wolfgang Lusky 260 $aAmsterdam :$bNorth-Holland,$cc1981 300 $ax, 429 p. ;$c24 cm 490 0 $aNorth-Holland mathematics studies,$x0304-0208 ;$v56 490 0 $aNotas de matematica ;$v82 500 $aBibliography: p. 403-422. 500 $aIncludes indexes 650 0$aChoquet theory 650 0$aCones 650 0$aConvex bodies 650 0$aConvex sets in topological linear spaces 650 0$aFunctions of real variables 700 1 $aLusky, Wolfgang$eauthor$4http://id.loc.gov/vocabulary/relators/aut$055754 907 $a.b10757971$b23-02-17$c28-06-02 912 $a991000792539707536 945 $aLE013 46A FUC11 (1981)$g1$i2013000034355$lle013$o-$pE0.00$q-$rl$s- $t0$u0$v0$w0$x0$y.i10852578$z28-06-02 996 $aConvex cones$981820 997 $aUNISALENTO 998 $ale013$b01-01-95$cm$da $e-$feng$gne $h0$i1